书目信息 |
| 题名: |
建筑物理
|
|
| 作者: | "建筑物理"教材选编小组 选编 | |
| 分册: | ||
| 出版信息: | 北京 中国工业出版社 |
|
| 页数: | 313页 | |
| 开本: | 26cm | |
| 丛书名: | ||
| 单 册: | ||
| 中图分类: | TU11 | |
| 科图分类: | ||
| 主题词: | 建筑学:物理学 | |
| 电子资源: | ||
| ISBN: | ||
| 000 | 00603nam0 2200193 450 | |
| 001 | 0655450118 | |
| 005 | 20060820152534.84 | |
| 010 | @dCNY2.35 | |
| 091 | @aK15165.618 | |
| 100 | @a20060820d km y0chiy0120 ea | |
| 101 | 0 | @achi |
| 200 | 1 | @a建筑物理@Ajian zhu wu li@f"建筑物理"教材选编小组 选编@F"jian zhu wu li"jiao cai xuan bian xiao zu xuan bian |
| 210 | @a北京@c中国工业出版社 | |
| 215 | @a313页@d26cm | |
| 606 | 0 | @a建筑学:物理学 |
| 690 | @aTU11@v3 | |
| 701 | 0 | @a"建筑物理"教材选编小组@A"jian zhu wu li"jiao cai xuan bian xiao zu@4选编 |
| 801 | 0 | @aCN@bPFT@c20060820 |
| 905 | @a10447@dTU11@e305 | |
| 建筑物理/"建筑物理"教材选编小组 选编.-北京:中国工业出版社 |
| 313页;26cm |
| ISBN :CNY2.35 |
| ● |
| 相关链接 |
|
|
|
|
正题名:建筑物理
索取号:TU11/305
 
预约/预借
| 序号 | 登录号 | 条形码 | 馆藏地/架位号 | 状态 | 备注 |
| 1 | 0470427 | 204704276 | 密集书库/ [索取号:TU11/305] | 在馆 |